[Event "Tripoli Four Seasons-A"]
[Site "Tripoli"]
[Date "2020.03.14"]
[Round "6"]
[White "El Gheiadi, Ibrahim"]
[Black "Almansori, Abdalaziz"]
[Result "0-1"]
[WhiteElo "1752"]
[BlackElo "1851"]
[PlyCount "113"]
[EventDate "2020.03.09"]
[EventType "tourn"]
[EventRounds "9"]
[EventCountry "LBY"]
[SourceTitle "CBM 195 Extra"]
[Source "ChessBase"]
[SourceDate "2020.05.31"]
[SourceVersion "1"]
[SourceVersionDate "2020.05.31"]
[SourceQuality "1"]

1. e4 e6 2. d4 d5 3. Nc3 dxe4 4. Nxe4 Nd7 5. Bd3 Ngf6 6. Nf3 Nxe4 7. Bxe4 Nf6 8. Bd3 c5 9. Bg5 Be7 10. dxc5 Qa5+ 11. Bd2 Qxc5 12. 0-0 0-0 13. Qe2 b6 14. Bc3 Bb7 15. a3 Qh5 16. Kh1 Bxf3 17. gxf3 Bd6 18. f4 Qxe2 19. Bxe2 Bxf4 20. Rg1 e5 21. Rg2 a5 22. Rag1 g6 23. h4 Rac8 24. h5 Nd5 25. Bd3 Kg7 26. Be1 Rfe8 27. c3 e4 28. Bb5 Re5 29. Rg4 Rxh5+ 30. Kg2 f5 31. Rg3 Bxg3 32. fxg3 Ne3+ 33. Kf2 Nc2 34. g4 fxg4 35. Bd7 Rf8+ 36. Kg2 Rd8 37. Bxg4 Nxe1+ 38. Rxe1 Rg5 39. Kh3 Rd3+ 40. Kh4 Re5 41. c4 h5 42. Be2 Rb3 43. Rd1 Re3 44. Bf1 Re6 45. b4 Kh6 46. Rd5 Rxa3 47. c5 axb4 48. cxb6 Rxb6 49. Bc4 b3 50. Bxb3 Rbxb3 51. Rxh5+ Kg7 52. Re5 Rh3+ 53. Kg4 Rag3+ 54. Kf4 g5+ 55. Kf5 e3 56. Re7+ Kf8 57. Re4 0-1

[Event "Tripoli Four Seasons-A"]
[Site "Tripoli"]
[Date "2020.03.11"]
[Round "3"]
[White "Alfituri, Milad Alhadi"]
[Black "Almansori, Abdalaziz"]
[Result "1-0"]
[WhiteElo "1870"]
[BlackElo "1851"]
[PlyCount "89"]
[EventDate "2020.03.09"]
[EventType "tourn"]
[EventRounds "9"]
[EventCountry "LBY"]
[SourceTitle "CBM 195 Extra"]
[Source "ChessBase"]
[SourceDate "2020.05.31"]
[SourceVersion "1"]
[SourceVersionDate "2020.05.31"]
[SourceQuality "1"]

1. e4 e6 2. d4 d5 3. exd5 exd5 4. c4 Bb4+ 5. Nc3 Nf6 6. Nf3 0-0 7. Be2 Ne4 8. Qb3 Bxc3+ 9. bxc3 c6 10. 0-0 Qa5 11. Ba3 Re8 12. Bd3 Qxc3 13. Bxe4 Qxb3 14. Bxh7+ Kxh7 15. axb3 dxc4 16. bxc4 b5 17. Bc5 a5 18. cxb5 cxb5 19. Rfb1 Nd7 20. Rxb5 a4 21. h3 Nxc5 22. dxc5 a3 23. Rb3 a2 24. Rb2 Be6 25. Ng5+ Kg6 26. Nxe6 Rxe6 27. Raxa2 Rxa2 28. Rxa2 Rc6 29. Rc2 Kf6 30. Kf1 Ke5 31. Ke2 Kd5 32. Kd3 Rxc5 33. Rxc5+ Kxc5 34. Ke4 Kd6 35. Kf5 Ke7 36. g4 Kf8 37. f4 Kg8 38. Ke5 Kh7 39. h4 Kh6 40. f5 f6+ 41. Ke6 Kh7 42. g5 fxg5 43. hxg5 Kg8 44. Ke7 Kh7 45. f6 1-0